| 000 | 01586nam a2200361 c 4500 | ||
|---|---|---|---|
| 003 | BLK | ||
| 005 | 20241217171207.0 | ||
| 008 | 180408b bul|||||r ||||||| ||bul|| | ||
| 010 | _aKNG00077889000 | ||
| 020 |
_a954-527-267-8 _bиздат.: Дамян Яков |
||
| 040 | _aBLK | ||
| 041 |
_aBUL _cBUL |
||
| 080 |
_aБългарска литература в основното училище. Методика на обучението _b373.3.016:821.163.2 _x(075.2) _z373.3.016:821.163.2(075.2) |
||
| 100 | 1 |
_aДимитрова, Веселина Петрова _eпърви автор _9285818 |
|
| 139 |
_aДимитрова, Веселина Петрова _bД 58 |
||
| 245 | 1 | 0 |
_aНови анализи на литературни творби _bЗа обучението в VІІ кл. _cВеселина Петрова Димитрова. |
| 257 | _aBGR | ||
| 260 |
_аСофия _bДамян Яков _c2005 _fСофия : Симолини |
||
| 300 |
_a216 с. _c20 см |
||
| 380 | _a3 | ||
| 500 | _aОфс. изд. - Съдържа и за авт. | ||
| 650 | 4 |
_aБългарска литература - учебници за основни училища _9250869 |
|
| 653 | _aлитературни анализи | ||
| 653 | _aбългарска литература | ||
| 653 | _aучебници за основни училища | ||
| 653 | _aVІІ кл. | ||
| 852 | _aЦб 235753 | ||
| 856 | 4 |
_qpdf _u |
|
| 856 | 4 |
_qpdf _u |
|
| 942 |
_cKNG _n0 _09 |
||
| 944 |
_aCR _c29.08.2007 _k30537 _lГрета Цуфелде |
||
| 944 |
_aED _c07.10.2008 _k |
||
| 999 |
_c73494 _d73494 |
||